¿Existió el socialismo alguna vez, y tiene porvenir? (Registro nro. 17724)
[ vista simple ]
| 000 -LEADER | |
|---|---|
| fixed length control field | 00326 a2200109 4500 |
| 001 - CONTROL NUMBER | |
| control field | ART_49984 |
| 005 - DATE AND TIME OF LATEST TRANSACTION | |
| control field | 20260410161729.0 |
| 008 - FIXED-LENGTH DATA ELEMENTS--GENERAL INFORMATION | |
| fixed length control field | 260409a |
| 100 1# - MAIN ENTRY--PERSONAL NAME | |
| Personal name | Bunge, Mario |
| 245 10 - TITLE STATEMENT | |
| Title | ¿Existió el socialismo alguna vez, y tiene porvenir? |
| 773 0# - HOST ITEM ENTRY | |
| Title | Lecciones y ensayos |
| Related parts | - Nº 88 (ago. 2010) |
| Record control number | REV2658 |
No hay ítems disponibles.